000 00320nam a2200133Ia 4500
005 20260328101513.0
008 260328s9999||||xx |||||||||||||| ||und||
100 _aEncyclopedie des Arts
245 0 _aLes Muses (Vol.3) /
_cEncyclopedie des Arts
260 _bAlpha
300 _a60 p.
650 _aHISTORIA
942 _cBK
999 _c9255
_d9255